| 000 -LEADER |
| fixed length control field |
00681nam a22002057a 4500 |
| 005 - DATE AND TIME OF LATEST TRANSACTION |
| control field |
20200806144533.0 |
| 008 - FIXED-LENGTH DATA ELEMENTS--GENERAL INFORMATION |
| fixed length control field |
200806s2019 eng||||| |||| 00| 0 enk d |
| 020 ## - INTERNATIONAL STANDARD BOOK NUMBER |
| International Standard Book Number |
9789352706860 |
| 050 ## - LIBRARY OF CONGRESS CALL NUMBER |
| Classification number |
eng |
| 080 ## - UNIVERSAL DECIMAL CLASSIFICATION NUMBER |
| Universal Decimal Classification number |
617.7 K-42 |
| 100 ## - MAIN ENTRY--PERSONAL NAME |
| Personal name |
Khurana, Ak. |
| 9 (RLIN) |
9124 |
| 245 ## - TITLE STATEMENT |
| Title |
Comprehensive Ophthalmology / |
| Statement of responsibility, etc. |
AK Khurana, Aruj K Khurana, Bhawna P Khurana. |
| 264 ## - PRODUCTION, PUBLICATION, DISTRIBUTION, MANUFACTURE, AND COPYRIGHT NOTICE |
| Place of production, publication, distribution, manufacture |
New Delhi: |
| Name of producer, publisher, distributor, manufacturer |
Jaype, |
| Date of production, publication, distribution, manufacture, or copyright notice |
2019. |
| 300 ## - PHYSICAL DESCRIPTION |
| Extent |
662 p. |
| Other physical details |
25 cm. |
| 653 ## - INDEX TERM--UNCONTROLLED |
| keyword |
თვალის დაავადებები |
| 653 ## - INDEX TERM--UNCONTROLLED |
| keyword |
ოფთალმოლოგია |
| 700 ## - ADDED ENTRY--PERSONAL NAME |
| Personal name |
Khurana, Aruj K |
| Relator term |
ავტორი |
| 9 (RLIN) |
9125 |
| 700 ## - ADDED ENTRY--PERSONAL NAME |
| Personal name |
Khurana, Bhawna P |
| Relator term |
ავტორი |
| 9 (RLIN) |
9126 |
| 942 ## - ADDED ENTRY ELEMENTS (KOHA) |
| Source of classification or shelving scheme |
|
| Koha item type |
წიგნი |